Enhanced Graphic Adapter. Die Installation und Programmierung der IBM-HR-Grafikkarte /

Enregistré dans:
Détails bibliographiques
Auteur principal: Michael, Manfred (Auteur)
Format: Livre
Publié: Haar bei Munchen : Markt und Technik
Tags: Ajouter un tag
Pas de tags, Soyez le premier à ajouter un tag!

MARC

LEADER 00000nam a22000003a 4500
001 stu48044
005 20150617225659.8
008 ------s--------gw----------------------d
040 |a STU  |b slo 
041 0
044 |a gw 
080 |a 681.332.3  |7 stu_us_auth*stu1783 
100 1 |a Michael, Manfred  |4 aut 
245 1 |a Enhanced Graphic Adapter. Die Installation und Programmierung der IBM-HR-Grafikkarte /  |c [aut.] Michael,Manfred 
260 |a Haar bei Munchen :  |b Markt und Technik 
996 |b J81909  |c J*81909/K 3  |l JJK3  |s P  |a 0  |w stu48044_0001